000 00581nam a2200193Ii 4500
003 JO-AjNU
008 230606s9999||||xx |||||||||||||| ||und||
040 _aJO-AjNU
_beng
_erda
_cJO-AjNU
041 _aeng
050 1 4 _aPS3551.L25.A6 1959
100 3 _aAlbee, Edward. ,
_eauthor
_95481
245 0 0 _a The sandbo: The Death of Bessie Smith
264 3 1 _aAmerican :New AmericanLibrary ,1959
300 _a96p
336 _atext
_btxt
_2rdacontent
337 _aunmediated
_bn
_2rdamedia
338 _avolume
_bnc
_2rdacarrier
650 4 _aAmerican drama -- 20th century. 
_95482
999 _aE2833
_c2831
_d2831